Statistics for Capital Cities from North to South - Hints as you proceed

Click here to take the quiz!

General Stats

  • This quiz has been taken 1,331 times
  • The average score is 98 of 196

Answer Stats

HINT HINT CAPITAL CITY % Correct
HsReykjavik
100%
OaHelsinki
94%
TtOslo
94%
RoStockholm
92%
SiTallinn
91%
MoRiga
91%
CiMoscow
90%
ViCopenhagen
89%
MuVilnius
89%
DeMinsk
88%
BmDublin
88%
AaBerlin
88%
WoAmsterdam
88%
LsWarsaw
88%
ArLondon
87%
KrBrussels
85%
PuKiev
84%
BiAstana
83%
LaPrague
83%
VrParis
82%
BlVienna
82%
PiLuxembourg
81%
UuBratislava
81%
VhBudapest
80%
BuOttawa
79%
BaUlaanbaatar
78%
SaBucharest
77%
BaBelgrade
76%
CeVaduz
76%
OeZagreb
76%
LaBern
76%
BjChisinau
75%
ZtLjubljana
75%
MiSarajevo
74%
SoSan Marino
72%
BoMonaco
72%
TaTirana
70%
PnSofia
70%
SaPodgorica
70%
VoSkopje
70%
TiRoma
70%
SrBishkek
69%
AoPristina
69%
BeMadrid
69%
TaTbilisi
69%
PkAndorra la Vella
68%
MaTashkent
68%
RbVatican City
68%
LuWashington, D. C.
68%
WiPyongyang
67%
ByAnkara
67%
YnBaku
67%
AeYerevan
67%
PaBeijing
65%
DtLisbon
65%
AeAthens
65%
AsDushanbe
64%
TlSeoul
64%
VeAlgiers
63%
TiTehran
63%
KaNicosia
62%
IaBeirut
62%
BsRabat
62%
NaTokyo
62%
AaTunis
62%
ReKabul
61%
ToValletta
61%
DaIslamabad
61%
BrDamascus
61%
SuAshgabat
61%
CuJerusalem
61%
TmBaghdad
60%
AeTripoli
60%
KeCairo
60%
TaKathmandu
59%
NaKuwait City
59%
JaAmman
59%
KhNew Delhi
58%
MoThimphu
57%
NaDoha
56%
DaManama
55%
TiNassau
53%
DuAbu Dhabi
52%
MaDhaka
52%
HaMuscat
52%
HaHavana
52%
AhRiyadh
51%
PaMexico City
50%
NeHanoi
50%
RbTaipei
49%
MoNay Pyi Taw
48%
SoPort-au-Prince
48%
NiSanto Domingo
47%
KiNouakchott
45%
VaKingston
45%
BeVientiane
45%
ShBelmopan
45%
BaBasseterre
43%
SsKhartoum
43%
GaDakar
42%
KaSaint John's
42%
AoSanaa
42%
RrAsmara
41%
MeGuatemala City
41%
PaRoseau
41%
DuPraia
40%
TaManila
38%
CaTegucigalpa
38%
BaCastries
38%
BiNiamey
37%
zWellington
37%
NaSan Salvador
36%
KrBanjul
36%
SiBangkok
36%
BuBridgetown
35%
OaBamako
35%
M'DOuagadougou
35%
BaKingstown
35%
SiN'Djamena
35%
WCanberra
35%
YaQuito
34%
FePanama
34%
CaPort-of-Spain
34%
SoCaracas
33%
PaPhnom Penh
33%
MaFreetown
33%
DhBissau
33%
NaManagua
33%
AdConakry
32%
AaAbuja
32%
PrAddis Ababa
32%
PoDjibouti
32%
CbSan Jose
32%
MaBuenos Aires
31%
NiYaren
31%
KuNairobi
31%
BuAccra
31%
BjSaint George's
31%
MoMelekeok
31%
CeMontevideo
31%
BrKigali
30%
LaMonrovia
30%
BiBujumbura
30%
MoPorto-Novo
30%
BaBogota
30%
BoSantiago
30%
PoHoniara
30%
PcLome
30%
LoDili
29%
DuFunafuti
29%
JuDodoma
29%
DaVictoria
29%
VoKinshasa
29%
KiBrazzaville
29%
HoLuanda
29%
MiPort Moresby
29%
FiJakarta
29%
LuApia
29%
CaMajuro
29%
QaKampala
29%
LaSingapore
29%
MaKuala Lumpur
29%
GoYamoussoukro
29%
MuYaounde
29%
PoGeorgetown
29%
AiLima
29%
AaParamaribo
29%
BoLusaka
28%
PaBrasilia
28%
AuSuva
28%
MbPretoria
28%
LrLilongwe
28%
SaLibreville
28%
LpMoroni
28%
KuSao Tome
28%
PaColombo
28%
YePalikir
28%
JoBandar Seri Begawan
28%
BaJuba
28%
MaBangui
28%
KoMalabo
28%
SoAntananarivo
27%
PaAsuncion
27%
YaMale
27%
MaMaputo
27%
MaMbabane
27%
SnHarare
27%
HuPort-Vila
27%
TiMogadishu
27%
SiTarawa
27%
PuSucre
26%
WaNuku'alofa
26%
ArGaborone
26%
SuMaseru
26%
GsWindhoek
26%
NiPort Louis
25%

Score Distribution

Percentile by Number Answered

Percent of People with Each Score

Your Score History

You have not taken this quiz